00270nam a2200085 4500100002200000245010900022260002600131300000700157650002000164 aGunarathne,W.A.K. aChemical Aspects of Chronic Kidney Disease (CKD) in Sri Lanka Symptoms of CKD and Different Stages of it aColombobICHEMCc2016 a25 a Kidney Disease